| 000 | 00717nam a2200217 a 4500 | ||
|---|---|---|---|
| 005 | 20240213085022.0 | ||
| 003 | MX-MxUPN | ||
| 008 | 240130s1968 mx |||||r|||| 000 0 spa d | ||
| 040 |
_aMX-MxUPN _bspa _cMX-MxUPN |
||
| 041 | 0 | _aspa | |
| 050 | 1 | 4 |
_aPN2784 _bD52 1968 |
| 100 | 1 |
_aDíez-Canedo, Enrique, _d1879-1944 _951008 |
|
| 245 | 1 | 0 |
_aArtículos de crítica teatral : _bel teatro español de 1914 a 1936. _nV, _pElementos de renovación |
| 250 | _aPrimera edición. | ||
| 260 |
_aMéxico, D.F. : _bJoaquín Mortiz, _c1968. |
||
| 300 | _a241 páginas | ||
| 650 | 4 |
_aDrama español _ySiglo XX _xHistoria y crítica _951010 |
|
| 902 |
_aGCH300124 _bVíctor Ruiz/130224 |
||
| 942 |
_2lcc _cLIBRO |
||
| 999 |
_c210885 _d210885 |
||